Reforming Czech social services: influence of the implementation of national quality standards active user imperative on the primary process

Reforma sociálnych služieb v Českej republike. Národné štandardy kvality. Reforma vzťahu medzi sociálnymi pracovníkmi a používateľmi sociálnych služieb z teoretického hľadiska. Stratégia výskumu, metodológia, zber údajov a analýza. Výsledky - interakcia medzi byrokraciou a klientmi. Zmeny v komunika...

Ausführliche Beschreibung

Gespeichert in:
Bibliographische Detailangaben
1. Verfasser: Hubíková, Olga
Weitere Verfasser: Havlíková, Jana
Format: Buchkapitel
Sprache:Englisch
Schlagworte:
Tags: Tag hinzufügen
Keine Tags, Fügen Sie das erste Tag hinzu!

MARC

LEADER 00000naa a2200000 4500
001 0133892
005 20231208093359.9
041 0 |a eng 
044 |a SK 
245 1 0 |a Reforming Czech social services: influence of the implementation of national quality standards active user imperative on the primary process  |c Olga Hubíková, Jana Havlíková 
520 |a Reforma sociálnych služieb v Českej republike. Národné štandardy kvality. Reforma vzťahu medzi sociálnymi pracovníkmi a používateľmi sociálnych služieb z teoretického hľadiska. Stratégia výskumu, metodológia, zber údajov a analýza. Výsledky - interakcia medzi byrokraciou a klientmi. Zmeny v komunikačnej stratégii. Diskusia. Príloha - štandardy kvality v sociálnych službách. 
610 2 0 |a služby sociálne 
610 2 0 |a služby starostlivosti sociálnej 
610 2 0 |a štandardy 
610 2 0 |a kvalita 
610 2 0 |a byrokracia 
610 2 0 |a výskum 
610 2 0 |a Česko 
100 1 |a Hubíková, Olga 
700 1 |a Havlíková, Jana